00367cam a22001097a 4500008004000000082003100040100002500071245003800096260004800134300001100182440006400193180718b1985 xxu||||| |||| 00| 0 eng d aA81x54 In2/81/14/PAP1/1983 aCensus of India 1981 aMeghalaya: special report on Jhum aDelhibThe Controller of Publicationsc1985 a181+p. aCensus of India 1981. Series-14, Meghalaya. Paper 1 of 1983